All 1M+ cities in South America (with a map) - Statistics

General Stats
  • This quiz has been taken 672 times
    666 since last reset
  • The average score is 32 of 49
Answers on the Map
Answers color-coded by a green-red scale on the quiz's map according to % correct below.
 
Answer Stats
Country Population City % Correct
Colombia 9.80 mil Bogotá
96%
Argentina 16.60 mil Buenos Aires
96%
Peru 11.10 mil Lima
95%
Brazil 13.30 mil Rio de Janeiro
95%
Chile 7.80 mil Santiago
95%
Brazil 22.60 mil São Paulo
95%
Brazil 4.05 mil Brasília
93%
Venezuela 3.77 mil Caracas
93%
Ecuador 2.77 mil Quito
93%
Bolivia 2.12 mil La Paz
90%
Uruguay 1.87 mil Montevideo
90%
Paraguay 2.37 mil Asunción
87%
Colombia 4.10 mil Medellín
84%
Brazil 5.05 mil Belo Horizonte
79%
Brazil 2.25 mil Manaus
79%
Brazil 3.85 mil Recife
76%
Brazil 4.15 mil Porto Alegre
75%
Brazil 3.62 mil Salvador
75%
Colombia 2.90 mil Cali
74%
Argentina 1.68 mil Córdoba
74%
Brazil 3.72 mil Fortaleza
72%
Ecuador 3.20 mil Guayaquil
72%
Brazil 2.25 mil Belém
70%
Argentina 1.38 mil Rosario
70%
Brazil 3.45 mil Curitiba
67%
Bolivia 2.17 mil Santa Cruz
67%
Colombia 2.15 mil Barranquilla
66%
Venezuela 2.67 mil Maracaibo
64%
Brazil 1.43 mil Natal
57%
Venezuela 2.02 mil Valencia
57%
Brazil 3.25 mil Campinas
56%
Brazil 2.45 mil Goiânia
55%
Colombia 1.15 mil Cartagena
54%
Chile 1.03 mil Valparaíso
53%
Brazil 1.45 mil São Luís
52%
Argentina 1.11 mil Mendoza
51%
Peru 1.13 mil Arequipa
49%
Bolivia 1.36 mil Cochabamba
47%
Argentina 1.03 mil San Miguel de Tucumán
42%
Brazil 1.76 mil Santos
41%
Brazil 1.01 mil Florianópolis
40%
Colombia 1.28 mil Bucaramanga
38%
Venezuela 1.43 mil Maracay
36%
Venezuela 1.31 mil Barquisimeto
35%
Brazil 1.14 mil João Pessoa
35%
Brazil 1.87 mil Vitória
34%
Brazil 1.12 mil Maceió
33%
Brazil 1.04 mil Teresina
32%
Colombia 1.00 mil Cúcuta
24%
No matching quizzes found
Score Distribution
Percent of People with Each Score
Percentile by Number Answered
Your Score History
You have not taken this quiz since the last reset